John Holt
Guardat en:
| Autor principal: | |
|---|---|
| Format: | Llibre |
| Idioma: | anglès |
| Publicat: |
Bloomsbury Academy
2014.
|
| Etiquetes: |
Afegir etiqueta
Sense etiquetes, Sigues el primer a etiquetar aquest registre!
|
MARC
| LEADER | 00000nam a22000007a 4500 | ||
|---|---|---|---|
| 008 | 230118b |||||||| |||| 00| 0 eng d | ||
| 020 | |a 9781472504913 | ||
| 100 | |a MEIGHAN, Roland | ||
| 245 | |a John Holt |c Roland Meighan, |e Bloomsbury library of educational thought |g xi, 163 p. | ||
| 260 | |b Bloomsbury Academy |c 2014. |h New York |i 0699337 |i 0699338 |l LA2317.H645. M47 |m Holt, John Caldwell, 1923-1985 |m Educators--United States--Biography. . |m Home schooling--United States |m Educational change--United States. | ||
| 500 | |a Includes bibliographical references and index. | ||
| 942 | |a lcc |c BK |e Adeyeye Y.S. |f 18 - 01- 2023 | ||
| 952 | |0 0 |1 0 |2 lcc |4 0 |6 LA2317 H645 M47 |7 0 |9 4165 |a HOL |b ED |c LP |d 2023-01-18 |l 0 |o LA2317.H645.M47 |p 2023-0095 |r 2023-01-18 00:00:00 |w 2023-01-18 |y BK | ||
| 952 | |0 0 |1 0 |2 lcc |4 0 |6 LA2317 H645 M47 |7 0 |9 4166 |a HOL |b ED |c LP |d 2023-01-18 |l 0 |o LA2317.H645.M47 |p 2023-0096 |r 2023-01-18 00:00:00 |w 2023-01-18 |y BK | ||
| 999 | |c 2087 |d 2087 | ||